Quizzes
Events
Quiz Creation
Community
Videos
Private Events
Remove Ads
Sign In
Join for FREE
Feedback
Dark Mode
Quiz Categories
Sports
Geography
Music
Movies
Television
Just For Fun
Miscellaneous
History
Literature
Language
Science
Gaming
Entertainment
Religion
Holiday
For Kids
Quiz Lab
Recent
Popular Today
Quiz Kudos Today
Editor Picks
Curator Picks
Quizzes by...
Day
Popularity
Type
Ratings
Length
Year
Community
Subscriptions
Recent Discussions
Orange Saloon
Badges
Playlists
Quests
Create
Leaderboards
Showdown
Live 5
Trivia Bingo
Activity
Puzzle Library
Sporcle Events
Private Events
Virtual Trivia
Globe League
Become a Host
Pub Owners
SporcleCon
Opinionation
Our Games
Videos
Blog
Mobile Apps
Partnerships
Remove Ads and Go Orange
Feedback
Movies
Disney
Marvel Cinematic Universe
Movie Resume
Movie Titles
Oscar
Actor
Actress
Director
Pixar
Role
Movie Quotes
Movie Characters
Box Office
Nominee
Best Picture
Star Wars
James Bond
Horror Movies
Movies
Disney
Marvel Cinematic Universe
Movie Resume
Movie Titles
Oscar
Actor
Actress
Director
Pixar
Role
Movie Quotes
Movie Characters
Box Office
Nominee
Best Picture
Star Wars
James Bond
Horror Movies
Random Quiz
Search Sporcle
×
Quiz Lab
Quiz Lab
Movies
Horror Movies
Type in answers that appear in a list
Type in answers that appear in a list
Classic
Best Score? Go Orange.
Horror/Scary Movie Taglines Stats
Can you name the Horror Movie Taglines?
By
comico92
4m
30 Questions
1,604 Plays
1,604 Plays
1,604 Plays
Comments
Comments
Give Quiz Kudos
Give Quiz Kudos
-
- Ratings
hide this ad
Forced Order
Answers have to be entered in order
Answers have to be entered in order
Replay
Link that replays current quiz
Next Quiz
Link to next quiz in quiz playlist
You Got
0%
They Got
Avg Score
22%
Avg Friend Score
Upgrade to see
Score Distribution
Jump to the score distribution portion of the page
Score
0/30
Timer
04:00
0
Plays Today
Tagline
Movie Title
% Correct
The night HE came home.
Halloween
80.7%
If Nancy Doesn't Wake Up Screaming She Won't Wake Up At All...
A Nightmare on Elm Street
67.4%
Don't Answer The Phone. Don't Open The Door. Don't Try To Escape
Scream
51.3%
In October of 1994 three student filmmakers disappeared in the woods near Burkittsville, Maryland, while shooting a documentary...A year later their footage was found.
The Blair Witch Project
49.6%
Check in. Unpack. Relax. Take a shower.
Psycho
40.1%
Six strangers have the chance to make $1,000,000 EACH. All they have to do is make it through the night alive!
House on Haunted Hill
38.7%
If you're going to bury the truth, make sure it stays buried.
I Know What you Did Last Summer
38.7%
Death Doesn't Take NO for an answer.
Final Destination
34.2%
This Holiday Season, The Slay Rides Begin
Black X-mas
33.6%
The guilty cannot hide.
House
31.5%
Sometimes Dead is Better
Pet Sematary
26.7%
It Never Forgives. It Never Forgets
The Grudge
26.3%
You won't believe her eyes.
The Eye
20.2%
A night to die for
Prom Night
20.1%
Fear takes a road trip
Jeepers Creepers
16.6%
Tagline
Movie Title
% Correct
It started in May in a small town. And every month after that whenever the moon was full...it came back
Silver Bullet
12.6%
Evil Gets An Upgrade.
Jason X
11.7%
He's chillin...and killin
Jack Frost
11.2%
Jolting Tales of Horror
Creepshow
10.1%
It happened to someone who knows someone you know... You're Next!
Urban Legend
8.9%
The 'Slicer'...The 'Dicer'...And This Time, They're Not Any 'Nicer'!
Freddy VS Jason
8%
Some Thing Has Found Us
Cloverfield
7.2%
In every neighborhood there is one house that adults whisper about and children cross the street to avoid.
The People Under the Stairs
6%
Cruel, devious, pure as venom. All hell's broken loose.
PumpkinHead
4.9%
Don't play with strangers.
Joy Ride
4.7%
Misery loves company
Thir13een Ghosts
4%
You Lie. You Die
Cry_Wolf
3.7%
Time to raise some hell
Seed of Chucky
3.6%
Everyone has a breaking point... Tonight she reaches hers
While She Was Out
2%
Some things cannot be explained
The Haunting in Connecticut
1.8%
Quiz Playlist
Details
Report
Send in Message
Add To Playlist
Classic:
Type in answers that appear in a list
Forced Order:
Answers have to be entered in order
Last Updated: Feb 16, 2017
Quiz Scoreboard
CHALLENGE
Sign Up to Join the Scoreboard
Show All
Scores
Hide
Comments
May contain spoilers
Recently Published
TV Characters by Other Roles V
by ghcgh
Television
5m
Decade Duel: World Leaders
by jenniferyan
History
4m
Alphabetical 'K' Countries by Flag Minefield
by ylime102
Geography
3m
More to Explore
Quiz From the Vault
Featured Blog Post
15 Basketball Trivia Facts You Can Be March Mad About
hide this ad
You Might Also Like...
Tags
Horror Movies Quiz
horror
Scary
Taglines
Today's Top Quizzes in Movies
Browse Movies
hide this ad
Today's Top Quizzes in Horror Movies
Browse Horror Movies
Top Contributed Quizzes in Movies
1
Pick 6: Harry Potter
2
Pick 6: Movie Franchises
3
Pick 6: Actors
4
Pick 6: Actresses
5
Pick 6: Disney Princesses
6
Decade Duel: Best Picture Winner
7
Movies of the Seasons
8
Match The President To The Fictional Crisis
9
Decade Duel: Disney Animated Movies
10
Movie Seasons
Explore More
Trending Topics
Marvel
Crossword
Kpop
Harry Potter
NBA
Disney
Anime
WWE
Puzzle
Pokémon
NFL
Soccer
Song
Country
The Office
hide this ad
More By:
comico92
Quiz
Plays
Rating
Category
Featured
Created
Disney Villians
2,124
3.33
Movies
Nov 15, 2009
Disney/Pixar Movie by Tagline
1,932
3.67
Movies
Jul 8, 2010
Horror/Scary Movie Taglines
1,604
3.00
Movies
Jun 22, 2010
Disney/Pixar Movie by Song
1,517
3.43
Movies
Jul 8, 2010
OLD NICK SHOWS
995
2.20
Television
Nov 13, 2009
Go to Creator's Profile
Score Distribution
Quiz Creator Spotlight
comico92
Follow
Send a Message
Quizzes Created
-
Created Quiz Play Count
-
More By This Creator
Popular Quizzes Today
1
Countries of Asia Without Outlines Minefield
2
Find the US States - No Outlines Minefield
3
Pick 6: Fruits
4
The Countries of the World
5
Find the Countries of Europe - No Outlines Minefield
6
Alphabetical 'K' Countries by Flag Minefield
7
Find the US States
8
US States
More Movies Quizzes
Almost Useless Movie Trivia XII
Published
Trending Quizzes
Pick 6: Mountains
Pick 6: Harry Potter
Pick 6: NFL Teams
Pick 6: Flags
C Names for Actors
Recently Updated
Adaptations: Name the Title
pecheneg
NWSL Teams
pecheneg
Women's Final Four Teams by Year
bhenderson79
Presidents Quartet II
eogle
Anything But Clue(do)
eogle
Anything But Oceanian Capitals
eogle
Anything But 7
eogle
Anything But Thing
eogle
Word Ladder: February 29
pecheneg
Song Title Questions
pecheneg
Trending Topics
Disney
Harry Potter
Kpop
Marvel
Anime
Crossword
NBA
The Office
Puzzle
Song
NFL
WWE
Pokémon
Country
Soccer
Your Account Isn't Verified!
In order to create a playlist on Sporcle, you need to verify the email address you used during registration. Go to your
Sporcle Settings
to finish the process.
Report this User
Report this user for behavior that violates our
Community Guidelines
.
Details:
Send Report
Go to the Sporcle.com Mobile Site →
Comments